| 000 | 00327nam a22001217a 4500 | ||
|---|---|---|---|
| 020 | _a8187162066 | ||
| 082 |
_a346.0488 _bSHA |
||
| 245 |
_aShavaksha The Trade and Merchandise Marks Act 1958 / _cEdited by R K Abichandani |
||
| 260 |
_aNew Delhi: _bButterworths, _c1999. |
||
| 300 | _a556 p. | ||
| 563 | _aPB. | ||
| 942 |
_2ddc _cBK |
||
| 999 |
_c613817 _d613817 |
||